Bibliotecarios, usuarios y gestión del conocimiento / (Registro nro. 11608)
[ vista simple ]
| 000 -LEADER | |
|---|---|
| fixed length control field | 01495cam a2200325 a 4500 |
| 003 - CONTROL NUMBER IDENTIFIER | |
| control field | OSt |
| 005 - DATE AND TIME OF LATEST TRANSACTION | |
| control field | 20210429175558.0 |
| 008 - FIXED-LENGTH DATA ELEMENTS--GENERAL INFORMATION | |
| fixed length control field | 131119s2013 ag a gr 000 0dspa d |
| 020 ## - INTERNATIONAL STANDARD BOOK NUMBER | |
| International Standard Book Number | 9789871305766 |
| 040 ## - CATALOGING SOURCE | |
| Original cataloging agency | CO-BoPUJ |
| Transcribing agency | CO-JMCR |
| 041 0# - LANGUAGE CODE | |
| Language code of text/sound track or separate title | spa |
| 082 04 - DEWEY DECIMAL CLASSIFICATION NUMBER | |
| Classification number | 025.5 / |
| Item number | M652b |
| Edition number | 23 |
| 100 1# - MAIN ENTRY--PERSONAL NAME | |
| Personal name | Monfasani, Rosa Emma, |
| Relator term | autor |
| 9 (RLIN) | 37268 |
| 245 10 - TITLE STATEMENT | |
| Title | Bibliotecarios, usuarios y gestión del conocimiento / |
| Statement of responsibility, etc. | Rosa Monfasani |
| 250 ## - EDITION STATEMENT | |
| Edition statement | 1a edición. |
| 260 ## - PUBLICATION, DISTRIBUTION, ETC. | |
| Place of publication, distribution, etc. | Buenos Aires : |
| Name of publisher, distributor, etc. | Alfagrama Ediciones, |
| Date of publication, distribution, etc. | 2013. |
| 300 ## - PHYSICAL DESCRIPTION | |
| Extent | 234 páginas : |
| Other physical details | ilustraciones, cuadros, diagramas y gráficas ; |
| Dimensions | 23 cm. |
| 490 0# - SERIES STATEMENT | |
| Series statement | Biblioteca Alfagrama |
| 500 ## - GENERAL NOTE | |
| General note | Datos biográficos del la autora en solapa frontal. |
| 504 ## - BIBLIOGRAPHY, ETC. NOTE | |
| Bibliography, etc. note | Bibliografía: páginas 230-231. |
| 505 0# - FORMATTED CONTENTS NOTE | |
| Formatted contents note | Más allá de la información. -- Aspectos metodológicos de la investigación. -- Lectura crítica. -- Las fuentes de información. -- La biblioteca digital. -- El acceso abierto. -- Revistas científicas. -- Organización y tratamiento de la información digital. -- La legislación. -- Comunicar el conocimiento. |
| 650 14 - SUBJECT ADDED ENTRY--TOPICAL TERM | |
| Topical term or geographic name entry element | Servicios de información |
| General subdivision | Capacitación de usuarios |
| 9 (RLIN) | 37269 |
| 650 24 - SUBJECT ADDED ENTRY--TOPICAL TERM | |
| Topical term or geographic name entry element | Organización de la información |
| 9 (RLIN) | 1653 |
| 650 24 - SUBJECT ADDED ENTRY--TOPICAL TERM | |
| Topical term or geographic name entry element | Gestión del conocimiento |
| 9 (RLIN) | 11857 |
| 650 24 - SUBJECT ADDED ENTRY--TOPICAL TERM | |
| Topical term or geographic name entry element | Bibliotecas y usuarios |
| 9 (RLIN) | 37270 |
| 650 24 - SUBJECT ADDED ENTRY--TOPICAL TERM | |
| Topical term or geographic name entry element | Fuentes de información |
| 9 (RLIN) | 37271 |
| 650 24 - SUBJECT ADDED ENTRY--TOPICAL TERM | |
| Topical term or geographic name entry element | Bibliotecas electrónicas |
| 9 (RLIN) | 37272 |
| 942 ## - ADDED ENTRY ELEMENTS (KOHA) | |
| Source of classification or shelving scheme | Dewey Decimal Classification |
| Koha item type | Books |
| Withdrawn status | Lost status | Source of classification or shelving scheme | Damaged status | Not for loan | Home library | Current library | Shelving location | Date acquired | Source of acquisition | Full call number | Barcode | Date last seen | Copy number | Price effective from | Koha item type |
|---|---|---|---|---|---|---|---|---|---|---|---|---|---|---|---|
| Dewey Decimal Classification | Biblioteca Pública José María del Castillo y Rada | Biblioteca Pública José María del Castillo y Rada | General Stacks | 04/15/2018 | Donación | 025.5 / M652b | 430000973 | 05/16/2024 | Ej.1 | 03/10/2021 | Books |